01286nam a2200325Ia 4500001001200000003000800012006001900020007001500039008004100054010001700095020001500112020001800127040002100145035002100166050003100187082002200218245010600240260004400346300002700390504005100417533015200468630003900620650003300659650004800692655002900740700002900769710001700798856012600815999001900941ebr10250309CaPaEBRm u cr cn|||||||||080929s2008 inua sb 001 0 eng d z 2008026306 z0470229071 z9780470229071 aCaPaEBRcCaPaEBR a(OCoLC)29810381414aHF5548.4.M5257bM53 2008eb04a658.500285/5522200aMicrosoft Office PerformancePoint Server 2007h[electronic resource] /cElaine Andersen ... [et al.]. aIndianapolis, IN :bWiley Pub.,cc2008. axxxiii, 417 p. :bill. aIncludes bibliographical references and index. aElectronic reproduction.bPalo Alto, Calif. :cebrary,d2009.nAvailable via World Wide Web.nAccess may be limited to ebrary affiliated libraries.00aMicrosoft PerformancePoint server. 0aBusinessxComputer programs. 0aPerformancexManagementxComputer programs. 7aElectronic books.2local1 aAndersen, Elaine,d1971-2 aebrary, Inc.40uhttp://site.ebrary.com/lib/rucke/Doc?id=10250309zAn electronic book accessible through the World Wide Web; click to view c149861d149861